| 000 | 00454nam a2200157 4500 | ||
|---|---|---|---|
| 001 | 109994 | ||
| 003 | ES-MaACL | ||
| 005 | 20230906184945.0 | ||
| 007 | t| | ||
| 008 | 061121s1979 sp r ||||1| spa d | ||
| 245 | 0 | 0 | _aObras de arte en el Banco Exterior de España. |
| 260 |
_aMadrid : _bBanco Exterior de España, _c1979. |
||
| 300 |
_a255 p. : _bil. ; _c30 cm. |
||
| 710 | 2 |
_aBanco Exterior de España. _92123 |
|
| 852 |
_aES-MaACL _jA-10521 _bR.99680 |
||
| 999 |
_c109994 _d109994 |
||